|
|
|
|
| LEADER |
00876nam a2200229 a 4500 |
| 001 |
12284892 |
| 008 |
100114s2001 iaua b 001 0 eng d |
| 010 |
|
|
|a 2001018744
|
| 020 |
|
|
|a 0072401885
|
| 040 |
|
|
|a DLC
|c DLC
|d DLC
|d BD-DhAAL
|
| 082 |
0 |
0 |
|a 320.473
|2 21
|
| 100 |
1 |
|
|a Patterson, Thomas E.
|
| 245 |
1 |
0 |
|a We the people :
|b a concise introduction to American politics /
|c Thomas E. Patteron.
|
| 250 |
|
|
|a 4th ed.
|
| 260 |
|
|
|a Dubuque, Iowa :
|b McGraw-Hill,
|c 2002.
|
| 300 |
|
|
|a xix, 543, [125] p. :
|b ill., maps ;
|c cm.
|
| 504 |
|
|
|a Includes bibliographical references and index.
|
| 541 |
1 |
|
|e 00010297
|
| 651 |
|
0 |
|a United States
|x Politics and government.
|
| 852 |
4 |
|
|a Ayesha Abed Library
|j General shelf
|
| 999 |
|
|
|c 6984
|d 6984
|
| 952 |
|
|
|0 0
|1 0
|2 ddc
|4 0
|6 320_473000000000000_PAT_2001
|7 0
|9 7230
|a BRACUL
|b BRACUL
|c GEN
|d 2010-01-14
|l 0
|o 320.473 PAT
|p 3010010297
|r 2010-01-14
|t 1
|w 2010-01-14
|y BK
|